| 000 | 00518nam a2200205Ia 4500 | ||
|---|---|---|---|
| 003 | GCL | ||
| 008 | 140319s9999 xx 000 0 eng d | ||
| 040 |
_aGCL / _cGCL |
||
| 082 | 0 | 4 |
_a709.214 _bD B |
| 100 | 1 | _aDUTHUIT, GEORGES | |
| 245 | 1 | 0 |
_aBYZANCE ET L'ART DU XII' SIDCLE / _cDUTHUIT, GEORGES |
| 260 |
_a[S.N] : _bLIBRAIRIE STOCK ، _c1926 |
||
| 300 | _a116 P | ||
| 650 | 0 | 4 | _aANTIQUITIES |
| 650 | 0 | 4 | _aMOSAICS |
| 650 | 0 | 4 | _aART, BYZANTINE |
| 650 | 0 | 4 | _aARTS |
| 650 | 0 | 4 | _aHISTORY, ANCIENT |
| 942 |
_2ddc _cBK |
||
| 999 |
_c12572 _d12572 |
||